000 00625nam a2200229Ia 4500
003 OSt
005 20221006164006.0
006 a|||||r|||| 00| 0
007 ta
008 221006b |||||||| |||| 00| 0 eng d
024 _a3,435
037 _cTextual
040 _aFML
_cFML
_beng
041 _2eng
_aeng
082 _aP111:4k, 15J7
100 _aWilliams Moiner Au.
_9676393
245 0 _aSanskrit English Dictonary
260 _aLucknow
_bAkhila Bharatiya Sanskrit Parishad
_c1957
300 _a859
_ccm.
942 _hP111:4k, 15J7
_cTEXL
_2CC
999 _c1115925
_d1115925